Biblioteca

Christians at the border : immigration, the church, and the Bible. (Registro nro. 64982)

Detalles MARC
000 -LÍDER
Campo fijo de descripción fija 01524nam a2200349 i 4500
001 - NÚMERO DE CONTROL
Campo de control 768714001
003 - IDENTIFICADOR DEL NÚMERO DE CONTROL
Campo de control CO-MdFUSB
005 - FECHA Y HORA DE LA ULTIMA TRANSACCIÓN
control field 20240531062746.0
008 - ELEMENTOS DE LONGITUD FIJA -- INFORMACIÓN GENERAL
Campo fijo de descripción fija -- Información general 190425t2013 -us |||| |||| 00| 0 eng d
020 ## - NÚMERO INTERNACIONAL NORMALIZADO PARA LIBROS
Número Internacional Normalizado del libro 97815587433511
040 ## - FUENTE DE CATALOGACIÓN
Agencia de catalogación original CO-MdFUSB
Idioma de catalogación spa
Agencia que realiza la transcripción CO-MdFUSB
Agencia que realiza la modificación CO-MdFUSBC
Convenciones de la descripción rda
041 ## - CÓDIGO DE IDIOMA
Código de idioma para texto/pista de sonido o título separado spa
082 ## - NÚMERO DE CLASIFICACIÓN DECIMAL DEWEY
Número de la edición del Dewey 26
Número de clasificación 261.836
Clave de autor-Numero de item C319
100 ## - ASIENTO PRINCIPAL--NOMBRE PERSONAL
Nombre personal Carroll, Mark Daniel.
Término relacionador autor
245 ## - TÍTULO
Título del Material Christians at the border : immigration, the church, and the Bible.
Mención de responsabilidad, etc. / M.Daniel Carroll R.
250 ## - MENCIÓN DE EDICIÓN
Mención de edición Segunda edición.
264 #1 - PRODUCCIÓN, PUBLICACIÓN, DISTRIBUCIÓN, MANUFACTURA, Y COPYRIGHT
Lugar de producción, publicación, distribución, manufactura Estados unidos :
Nombre del productor, publicador, distribuidor BrazosPress,
Fecha de producción, publicación, distribución, manufactura, o copyright [2013]
264 ## - PRODUCCIÓN, PUBLICACIÓN, DISTRIBUCIÓN, MANUFACTURA, Y COPYRIGHT
Fecha de producción, publicación, distribución, manufactura, o copyright © 2013
300 ## - DESCRIPCIÓN FÍSICA
Extensión 29, 170 páginas.
Dimensiones ; 22 cm
336 ## - TIPO DE CONTENIDO
Fuente rdacontent
Término de tipo de contenido sonidos
Código de tipo de contenido txt
337 ## - TIPO DE MEDIO
Fuente rdamedia
Nombre del tipo de medio sin mediación
Código del tipo de medio n
338 ## - TIPO DE SOPORTE
Fuente rdacarrier
Nombre del tipo de soporte volumen
Código Tipo de soporte nc
505 ## - NOTA DE CONTENIDO
Nota de contenido con formato preestablecido Prólogo / por Samuel Rodríguez - Inmigración hispana: ¿invasión u oportunidad? --De los inmigrantes, refugiados y exiliados: orientación del Antiguo Testamento, parte I - La ley y el peregrino: orientación del Antiguo Testamento, parte II - Bienvenida al extranjero: orientación del Nuevo Testamento - ¿Dónde nos encontramos? ¿ve desde aquí? : pensamientos finales - Epílogo / por Ronald J. Sider.
630 07 - TITULO UNIFORME
Título uniforme Biblia
Subdivisión de materia general Crítica, interpretación, etc.
650 #7 - ASIENTO SECUNDARIO DE MATERIA - TERMINO TEMÁTICO
Término temático o nombre geográfico como elemento de entrada Cristianismo
Fuente del encabezamiento o término
9 (RLIN) 22
650 #0 - ASIENTO SECUNDARIO DE MATERIA - TERMINO TEMÁTICO
9 (RLIN) 1175
Término temático o nombre geográfico como elemento de entrada Acción social
650 #7 - ASIENTO SECUNDARIO DE MATERIA - TERMINO TEMÁTICO
Fuente del encabezamiento o término sears
9 (RLIN) 3
Término temático o nombre geográfico como elemento de entrada Cultura
650 #7 - ASIENTO SECUNDARIO DE MATERIA - TERMINO TEMÁTICO
9 (RLIN) 452
Término temático o nombre geográfico como elemento de entrada Emigración e inmigración
Subdivisión general Aspectos religiosos
650 #7 - ASIENTO SECUNDARIO DE MATERIA - TERMINO TEMÁTICO
9 (RLIN) 385
Término temático o nombre geográfico como elemento de entrada Religión
653 ## - TÉRMINO DE INDIZACIÓN - NO CONTROLADO
Término no controlado Emigración e inmigración en la biblia
942 ## - TIPO DE MATERIAL (KOHA)
Tipo de Item KOHA Libros General
Existencias
Estado de Material Estado de Perdido Forma de Clasificación Estado de Dañado No para Préstamo Colección Biblioteca de Origen Biblioteca Permanente Fecha de Adquisición Forma de Adquisición Total de Préstamos Total de Renovaciones Signatura Topográfica Código de Barras Última vez visto Última vez Préstado Ejemplar/Existencia Fecha de Remplazo Tipo de Material
    Dewey Decimal Classification     Colección General Biblioteca FUSBC Biblioteca FUSBC 25/04/2019 Compra 1 2 G 261.836 C319c 16829 12/12/2019 04/10/2019 Ej. 1 25/04/2019 Libros General

Biblioteca FUSBC | Teléfono: (57+4) 349 88 10 Ext. 141| WhatsApp (+57) 3005338115 
E-mail: biblioteca@unisbc.edu.co | Calle 76 87-14 Robledo Palenque, Medellín, Colombia

Con tecnología Koha